000 00666nam a2200253 a 4500
001 nice12345678
003 IN_TiNIC
005 20260116013204.0
008 050524s1995 bira grp 000 0 eng
020 _a0904766
_c200
082 0 0 _a181.043
_bSAN
100 _aSangharakshita,
245 _aPeace Is a Fire
260 _aBirmingham
_bWindhrose Publication
_c1995
300 _a147p
500 _aincludes index and biblioraphy
505 2 _aNotes, Sources, List of Illustration
650 _aEpistemology-Buddhist
650 _aSangharakshita-Philosophy
700 1 _aSangharakshita,
902 _bSRS
942 _cBK
999 _c10040
_d10040